|
|
|
|
| LEADER |
00721nam a2200217 i 4500 |
| 001 |
acta38260 |
| 005 |
20230327092133.0 |
| 008 |
161201s1994 hu o 0|| hun d |
| 022 |
|
|
|a 1216-0954
|
| 040 |
|
|
|a SZTE Egyetemi Kiadványok Repozitórium
|b hun
|
| 041 |
|
|
|a hun
|
| 245 |
0 |
2 |
|a A Bayeux-i faliszőnyeg
|h [elektronikus dokumentum]
|
| 260 |
|
|
|c 1994
|
| 300 |
|
|
|a 52
|c 20 cm
|
| 490 |
0 |
|
|a Documenta Historica
|
| 650 |
|
4 |
|a Bölcsészettudományok
|
| 650 |
|
4 |
|a Történettudomány és régészet
|
| 695 |
|
|
|a Anglia története - 11. sz. - forrás, Faliszőnyeg - francia - középkor
|
| 700 |
0 |
1 |
|a Varga Vanda Éva
|
| 700 |
0 |
1 |
|a Novák György
|
| 856 |
4 |
0 |
|u http://acta.bibl.u-szeged.hu/38260/1/doc_018.pdf
|z Dokumentum-elérés
|